00859nam a2200217 i 4500001000700000003000900007005001700016007000300033008004100036100003700077245011000114260003900224300002100263490003000284500007700314700003600391830005200427852002200479999001900501952012100520115460ES-MaACL20250825062559.0t|070309s1929 sp ||||1| spa d1 aMayral, J. L.,d1893-194197944113aEl fenómeno b: estampa taurina en tres momentos y en prosa / cJosé L. Mayral y J. Silva Arámburu. aMadrid : bPrensa Moderna, c1929. a72 p. ; c17 cm.1 aEl Teatro moderno ; v178 aEstrenada en el Teatro Cómico, de Madrid, el día 7 de enero de 1929.1 aSilva Aramburu, José.910638603aEl teatro moderno (Prensa Moderna)v1789182365 aES-MaACLjC-13066 c115460d115460 00104070aATENEOMbATENEOMcSPALd2008-01-17eSCl0oC-13066p1120385r2023-02-23 00:00:00w2023-02-23yMONOGRAFIA